Mississippi River : Black Hawk, Louisiana, to Gulf of Mexico, mile 324 AHP to mile 23 BHP : 2003-2004 hydrographic survey /

Bibliographic Details
Corporate Authors: United States. Army. Corps of Engineers. New Orleans District, United States. Mississippi River Commission
Format: Government Document Map
Language:English
Published: New Orleans, La. : US Army Corps of Engineers, New Orleans District, [2007]
Subjects:
Online Access:https://purl.fdlp.gov/GPO/LPS110151

MARC

Tag First Indicator Second Indicator Subfields
LEADER 00000cem a2200000Ia 4500
001 in00002420021
005 20211202191059.0
008 090323s2007 lauae cc e f 0 eng d
034 0 |a a  |d W0914500  |e W0890000  |f N0311500  |g N0284500 
035 |a (OCoLC)ocn298453220 
040 |a LRU  |c LRU  |d OLA  |d GPO  |d MvI  |d UtOrBLW 
043 |a n-us-la 
049 |a UDOC  |a WWW 
050 1 4 |a G1377.M5 C31  |b U527 2004 
052 |a 4011 
074 |a 0337-B-05 
086 0 |a D 103.66:M 69 I/2 
110 1 |a United States.  |b Army.  |b Corps of Engineers.  |b New Orleans District. 
245 1 0 |a Mississippi River :  |b Black Hawk, Louisiana, to Gulf of Mexico, mile 324 AHP to mile 23 BHP : 2003-2004 hydrographic survey /  |c US Army Corps of Engineers, New Orleans District. 
246 3 |a 2003-2004 hydrographic survey 
246 1 6 |a Mississippi River hydrographic survey 2004 :  |b Black Hawk, La., to Head of Passes, La. : also South and Southwest Passes and Pass a Loutre 
255 |a Scales differ ;  |b Lambert conformal conic proj.  |c (W 91⁰45ʹ--W 89⁰00ʹ/N 31⁰15ʹ--N 28⁰45ʹ) 
264 1 |a New Orleans, La. :  |b US Army Corps of Engineers, New Orleans District,  |c [2007] 
300 |a 1 atlas (2 unnumbered pages, 119 leaves) :  |b chiefly color maps ;  |c 38 x 56 cm. 
336 |a cartographic image  |b cri  |2 rdacontent 
337 |a unmediated  |b n  |2 rdamedia 
338 |a volume  |b nc  |2 rdacarrier 
500 |a Depths shown by soundings. 
500 |a Relief shown by contours. 
500 |a Title from cover. 
500 |a "Prepared under the direction of the president, Mississippi River Commission, by the U.S. Army Engineer District, New Orleans."--1st prelim. leaf. 
500 |a Shipping list number: 2009-0021-S. 
500 |a Includes index maps. 
500 |a "File number H-5-55630"--On each map. 
500 |a Shipping List Date: 03/13/2009 
530 |a Also available via Internet from the USACE web site. Address as of 3/13/09: http://www.mvn.usace.army.mil/eng/2007MissRiverBooks/04%5Fhydro%5Fbook.asp ; current access is available PURL. 
500 |a Cartographic material. 
650 0 |a Hydrography  |z Mississippi River  |v Maps. 
650 0 |a Hydrography  |z Louisiana  |v Maps. 
651 0 |a Mississippi River  |v Maps. 
651 0 |a Mississippi River  |v Surveys  |v Maps. 
651 0 |a Mississippi River Valley  |v Surveys  |v Maps. 
651 0 |a Louisiana  |v Maps. 
651 0 |a Louisiana  |v Surveys  |v Maps. 
776 1 |a U.S. Army Corps of Engineers. New Orleans District.  |t 2007 Mississippi River hydrographic survey book (of 2004 data)  |h 1electronic atlas  |w (OCoLC)314794351 
710 1 |a United States.  |b Mississippi River Commission. 
856 4 1 |u https://purl.fdlp.gov/GPO/LPS110151  |t 0 
999 |a MARS 
999 f f |s 3579af98-ce70-3792-8772-57b20cede196  |i 7ff646fc-4b3e-3377-bb68-e4f030da9c4b  |t 0 
952 f f |p normal  |a Texas A&M University  |b College Station  |c Sterling C. Evans Library  |d Evans: Maps (2nd floor)  |t 0  |e D 103.66:M 69 I/2  |h Superintendent of Documents classification  |i unmediated -- volume  |m A14838863497 
952 f f |a Texas A&M University  |b College Station  |c Electronic Resources  |d Available Online  |t 0  |e D 103.66:M 69 I/2  |h Superintendent of Documents classification 
998 f f |a D 103.66:M 69 I/2  |t 0  |l Available Online 
998 f f |a D 103.66:M 69 I/2  |t 0  |l Evans: Maps (2nd floor)